Código de trabajo de la República Dominicana : (Registro nro. 15708)

Detalles MARC
000 -CABECERA
campo de control de longitud fija 01820nam a2200301 a 4500
001 - NÚMERO DE CONTROL
campo de control 000003883
003 - IDENTIFICADOR DEL NÚMERO DE CONTROL
campo de control DO-SdBPM
005 - FECHA Y HORA DE LA ÚLTIMA TRANSACCIÓN
campo de control 20260218060418.0
007 - CAMPO FIJO DE DESCRIPCIÓN FÍSICA--INFORMACIÓN GENERAL
campo de control de longitud fija ta
008 - DATOS DE LONGITUD FIJA--INFORMACIÓN GENERAL
campo de control de longitud fija 090714s2000 dr 001 0 spa d
040 ## - FUENTE DE LA CATALOGACIÓN
Centro catalogador/agencia de origen DO-SdBPM
Lengua de catalogación spa
Centro/agencia transcriptor BPMSU
Centro/agencia modificador rda
082 #4 - NÚMERO DE LA CLASIFICACIÓN DECIMAL DEWEY
Número de clasificación 344.729301
Número de documento/Ítem C669t 2000
Número de edición 22
110 1# - ENTRADA PRINCIPAL--NOMBRE DE ENTIDAD CORPORATIVA
Nombre de entidad corporativa o nombre de jurisdicción como elemento de entrada República Dominicana.
Unidad subordinada Secretaría de Estado de Trabajo
245 00 - MENCIÓN DE TÍTULO
Título Código de trabajo de la República Dominicana :
Resto del título Ley 16-92 promulgada el 29 de mayo de 1992 y reglamento para su aplicación (incluye Ley 97-97)
Mención de responsabilidad, etc.
260 ## - PUBLICACIÓN, DISTRIBUCIÓN, ETC.
Fecha de publicación, distribución, etc.
264 ## - PRODUCCIÓN, PUBLICACIÓN, DISTRIBUCIÓN, FABRICACIÓN Y COPYRIGHT
Producción, publicación, distribución, fabricación y copyright Santo Domingo :
Nombre del de productor, editor, distribuidor, fabricante Secretaría de Estado de Trabajo,
Fecha de producción, publicación, distribución, fabricación o copyright 2000
300 ## - DESCRIPCIÓN FÍSICA
Especificación de materiales 191 páginas ;
Dimensiones 25 cm.
336 ## - TIPO DE CONTENIDO
Término de tipo de contenido texto
Código de tipo de contenido txt
Fuente rdacontent
337 ## - TIPO DE MEDIO
Nombre/término del tipo de medio sin mediación
Código del tipo de medio n
Fuente rdamedia
338 ## - TIPO DE SOPORTE
Nombre/término del tipo de soporte volumen
Código del tipo de soporte nc
Fuente rdacarrier
500 ## - NOTA GENERAL
Nota general Incluye índice por materia
505 0# - NOTA DE CONTENIDO CON FORMATO
Nota de contenido con formato Presentación, 1. --Principios fundamentales, 13. Libro Primero. Del Contrato de Trabajo, 16-35. --Libro Segundo. De la regulación privada de las condiciones del contrato de trabajo, 38-41. --Libro Tercero. Dela regulación oficial de las condiciones ordinaria del contrato de trabajo, 43-57. --Libro cuarto. De la regulación oficial de las condiciones de algunos contrato de trabajo, 58-68. --Libro quinto. De los sindicato, 69-78. --Libro sexto. De los conflictos económicos, de la huelgas y de los paros, 80-83. --Libro Séptimo. De la aplicación de la ley, 85-139. --Libro Octavo. De la responsabilidad y de las sanciones, 141. --Libro Noveno. Disposiciones finales (Del art. 725 al 733), 141. ---disposiciones transitorias (Del art. 734 al 738, 145.
590 ## - NOTA LOCAL (RLIN)
Nota local Inventariado, 2026/VM
650 #4 - PUNTO DE ACCESO ADICIONAL DE MATERIA--TÉRMINO DE MATERIA
Término de materia o nombre geográfico como elemento de entrada Derecho laboral
Subdivisión geográfica República Dominicana
650 #4 - PUNTO DE ACCESO ADICIONAL DE MATERIA--TÉRMINO DE MATERIA
Término de materia o nombre geográfico como elemento de entrada Legislación laboral
Subdivisión geográfica República Dominicana
910 ## - DATOS DE OPCIÓN DEL USUARIO (OCLC)
Datos de opción del usuario VMateo V. Control de calidad. BPMSU
942 ## - ELEMENTOS DE PUNTO DE ACCESO ADICIONAL (KOHA)
Fuente del sistema de clasificación o colocación Dewey Decimal Classification
Tipo de ítem Koha Libros
Existencias
Estado de retiro Estado de pérdida Fuente del sistema de clasificación o colocación No para préstamo Código de colección Localización permanente Ubicación/localización actual Fecha de adquisición Total de préstamos Signatura topográfica completa Código de barras Fecha visto por última vez Precio válido a partir de Tipo de ítem Koha
    Dewey Decimal Classification   Colección Dominicana Biblioteca Pública Metropolitana Salomé Ureña Biblioteca Pública Metropolitana Salomé Ureña 02/18/2026   BPMSU CD 344.729301 C669t 2000 BPMSU26020108 02/18/2026 02/18/2026 Libros